[Event "40th Plunge Open-A 2020"]
[Site "Plunge"]
[Date "2020.07.15"]
[Round "4.5"]
[White "Brazdzionis, Andrius"]
[Black "Sarauskas, Andrius"]
[Result "1-0"]
[WhiteElo "2342"]
[BlackElo "1900"]
[Annotator "TA"]
[PlyCount "103"]
[EventDate "2020.07.13"]
[EventType "swiss"]
[EventCountry "LTU"]
[SourceTitle "playchess.com"]
[Source "ChessBase"]
[SourceQuality "1"]

{[%evp 9,103,29,42,27,36,32,30,31,30,28,14,-60,-48,-60,-54,-91,-85,-94,-35,-50,-52,-39,-21,-47,-38,-20,-34,-61,-25,-14,0,0,0,0,0,0,0,0,0,-31,-21,-31,0,0,0,0,0,-12,-13,-9,0,-19,0,-88,-37,-56,-18,-45,22,-8,0,0,0,0,0,0,0,0,0,0,0,0,44,39,37,21,12833,12833,12833,12834,12834,12835,12835,12835,12836,12836,12837,12837,12843,12839,12839,12839,12839,12839,12846,12844]} 1. d4 Nf6 2. c4 e6 3. Nf3 c5 4. d5 b5 5. e4 Nxe4 6. Bd3 {E10: Blumenfeld Gambit.} Nf6 7. O-O bxc4 8. Bxc4 {White has an edge.} Ba6 9. Bxa6 Nxa6 {[#]} 10. Qa4 $146 (10. Nc3 $11) ({Predecessor:} 10. Nc3 Qc8 11. Bg5 Be7 12. Rc1 O-O 13. d6 Bd8 14. Qe2 Rb8 15. Rfd1 Qb7 16. Ne5 {0-1 (65) Sokolov,I (2626)-Kvon,A (2500) Helsingor 2017}) 10... Nc7 $15 11. dxe6 fxe6 12. Bg5 {[#]} Be7 $1 13. Nc3 Ncd5 ({Black should try} 13... O-O $17 14. Ne5 d5) 14. Rad1 Nb6 15. Qb5 a6 16. Qe2 O-O 17. Rfe1 Qc8 18. a4 Bd8 19. Ne5 Nbd5 20. Bxf6 Nxf6 21. Nxd7 $1 {[%mdl 64] [#] Remove Defender, Decoy} Nxd7 22. Qxe6+ Rf7 {Hoping for ...Nf6.} 23. Ne4 Nf6 24. Qxc8 Rxc8 25. Nd6 Rfc7 {aiming for ...Rb8.} 26. Nxc8 Rxc8 27. Re6 a5 28. f3 Kf7 29. Ra6 Bc7 30. b3 Be5 31. Kf1 (31. Rxa5 $11 Bd4+ 32. Kh1) 31... Bc3 ({Black should play} 31... Bd4 $17) 32. g4 h6 33. h4 Re8 (33... Bd4 $15) 34. Rdd6 Bb4 {...c4! is the strong threat.} 35. g5 hxg5 36. hxg5 Nh5 37. Rd7+ Kg8 38. Kg2 Be1 39. Kh3 {Strongly threatening Kg4.} Nf4+ 40. Kg4 Ne6 41. g6 {Intending Rxe6! and mate.} Nf8 $1 {[%cal Rf8d7]} 42. Rc7 Re6 $2 {[%mdl 8192] Black cannot hold the game after this.} (42... Rb8 $11) 43. Rxe6 $18 {White is clearly winning.} Nxe6 44. Rc8+ Nf8 45. f4 Bf2 46. f5 Be3 47. Kf3 Bd4 48. Ke4 Bg1 49. Kd5 Bf2 50. Ra8 Bg3 51. Kc6 Bf4 52. Rxa5 {Accuracy: White = 82%, Black = 71%.} 1-0

[Event "40th Plunge Open-A 2020"]
[Site "Plunge"]
[Date "2020.07.15"]
[Round "4.6"]
[White "Indriunas, Matas"]
[Black "Leclere, Daniel"]
[Result "1/2-1/2"]
[WhiteElo "2199"]
[BlackElo "1751"]
[Annotator "TA"]
[PlyCount "67"]
[EventDate "2020.07.13"]
[EventType "swiss"]
[EventCountry "LTU"]
[SourceTitle "playchess.com"]
[Source "ChessBase"]
[SourceQuality "1"]

{[%evp 22,67,54,30,30,30,30,26,31,28,27,0,0,-93,-81,-96,-16,-134,-22,-119,-126,-122,-133,-122,-125,-126,-131,-122,-125,-179,-46,-41,-42,-37,-33,-35,0,0,0,0,0,-87,-87,-99,-111,-107,-67,-90]} 1. e4 e5 2. Nf3 Nc6 3. Bb5 a6 4. Ba4 Nf6 5. O-O Nxe4 6. d4 b5 7. Bb3 d5 8. dxe5 Be6 9. c3 Be7 10. Nbd2 Nc5 11. Bc2 d4 12. Ne4 {[%cal Rf3d4]} (12. Nb3 {seems wilder.} dxc3 13. Nxc5 Bxc5 14. Be4 Qd7 15. bxc3 Rd8 16. Qc2) 12... d3 {C83: Open Ruy Lopez: 9 c3 Be7.} 13. Nxc5 dxc2 14. Qxd8+ Rxd8 {White has an edge.} 15. Nxe6 fxe6 16. Bf4 Rf8 17. Bg3 (17. Be3 $11) 17... g5 $1 $36 {[%mdl 2048] Black is on the roll.} 18. h3 b4 (18... h5 $1 $17) 19. Rac1 (19. Ne1 $11 {remains equal.}) 19... bxc3 (19... Rxf3 $1 $17 20. gxf3 Rd2) 20. bxc3 {[#]} (20. Rxc2 $11 {was the only way to keep the balance.} Rxf3 21. gxf3) 20... Rxf3 $1 {[%mdl 576] Remove Defender} 21. gxf3 Rd2 22. f4 Ba3 23. Kg2 h6 24. fxg5 hxg5 {[#]} ({Don't blunder} 24... Bxc1 $2 25. gxh6 Kf7 26. Rxc1 $18) 25. Kf3 $146 {[#]} (25. h4 $17) ({Predecessor:} 25. h4 gxh4 26. Bf4 Bxc1 27. Rxc1 h3+ 28. Kh2 Rxf2+ 29. Kg3 Re2 30. Kxh3 Nxe5 31. Bxe5 Rxe5 32. Rxc2 {0-1 (49) Kharitonov,S (2159)-Stefanatos,N (1877) Malevizi 2016}) 25... Bxc1 (25... Bb2 $1 $19 {aiming for ...Rd3+.} 26. Ke4 Ne7) 26. Rxc1 $19 {[%mdl 4096] Endgame KRB-KRN} Rd3+ 27. Ke2 Rxc3 28. Kd2 Rc5 {White must now prevent ...Nb4.} (28... Ra3 {is more complex.} 29. Kxc2 Ra5 30. Kc3 Kd7 31. Rd1+ Ke7) 29. Rxc2 Rd5+ 30. Ke3 Kd7 31. Ke4 {[#]} (31. Rd2 $11) 31... Rd4+ $1 $17 32. Kf3 Ra4 {And now ...Nd4+ would win.} 33. Rb2 Rc4 34. Ke3 {Accuracy: White = 62%, Black = 60%.} 1/2-1/2

[Event "40th Plunge Open-A 2020"]
[Site "Plunge"]
[Date "2020.07.15"]
[Round "4.7"]
[White "Jablokov, Dmitrij"]
[Black "Narmontas, Raimondas"]
[Result "0-1"]
[WhiteElo "1962"]
[BlackElo "2004"]
[Annotator "TA"]
[PlyCount "54"]
[EventDate "2020.07.13"]
[EventType "swiss"]
[EventCountry "LTU"]
[SourceTitle "playchess.com"]
[Source "ChessBase"]
[SourceQuality "1"]

{[%evp 15,54,51,47,15,57,35,41,39,79,63,83,18,10,31,31,0,-16,-36,-43,-29,-20,-38,-25,-148,-132,-135,-135,-165,-163,-106,-130,-143,-77,-78,-78,-64,-18,-933,-876,-1057,-1050]} 1. Nf3 Nf6 2. g3 d6 3. d4 Nbd7 4. c4 e5 5. Nc3 Be7 6. Bg2 c6 7. O-O O-O 8. e4 Re8 9. d5 {A55: Old Indian Defence with Nf3 and e4.} Nf8 10. h3 {[#]} Bd7 $146 ({Predecessor:} 10... Ng6 11. Be3 a5 12. Rb1 c5 13. a3 Bd7 14. Qd3 Qc8 15. Kh2 h6 16. b3 Rf8 {0-1 (42) Zebelis,R (1917)-Barsciauskas,G (1784) Klaipeda 2012}) 11. Be3 {White is slightly better.} c5 12. a3 a6 13. b4 (13. Nxe5 $16 dxe5 14. d6) 13... cxb4 $11 14. axb4 Qc8 15. Qd3 Bxh3 16. Na4 {Hoping for Nb6.} Bxg2 17. Kxg2 Qg4 18. Nd2 Nh5 19. c5 {[#]} (19. Nb6 $11 {keeps the balance.}) 19... Ng6 $1 $17 {[%cal Rg6f4]} 20. Kh2 {[#]} Nhf4 $1 {[%mdl 512]} 21. Bxf4 (21. gxf4 Qh5+) 21... exf4 22. Qf3 Qg5 $36 {[%mdl 2048] Black is really pushing.} 23. Nc4 b5 (23... Rac8 $142 {White must now prevent ...b5.} 24. Nab6 dxc5) 24. cxb6 Rac8 25. Nab2 Bf6 {...Bxb2 is the strong threat.} 26. Rac1 $2 {[%mdl 8192]} (26. b7 $11 Rb8 27. Rxa6 Bxb2 28. Nxb2) 26... Bxb2 $19 27. Nxb2 Rxc1 {Accuracy: White = 52%, Black = 72%.} 0-1

[Event "40th Plunge Open-A 2020"]
[Site "Plunge"]
[Date "2020.07.15"]
[Round "4.8"]
[White "Greicius, Pijus"]
[Black "Sibajeva, Marija"]
[Result "1-0"]
[WhiteElo "1893"]
[BlackElo "2060"]
[Annotator "TA"]
[PlyCount "77"]
[EventDate "2020.07.13"]
[EventType "swiss"]
[EventCountry "LTU"]
[SourceTitle "playchess.com"]
[Source "ChessBase"]
[SourceQuality "1"]

{[%evp 12,77,17,14,0,0,12,10,50,24,146,88,84,91,89,70,122,89,109,62,45,33,79,72,82,74,80,90,89,56,86,76,73,87,77,72,70,77,136,136,140,149,135,152,198,195,162,134,626,376,516,457,495,233,449,447,398,281,481,449,512,276,402,376,576,516,984,956]} 1. b3 d5 2. Bb2 c5 3. e3 Nc6 4. Bb5 Bd7 5. Nf3 e6 6. O-O Nf6 7. d3 {7.c4 is setting a new trend. Played by David Anton Guijarro in May 2020.} Bd6 {A06: Réti Opening: 1 Nf3 d5.} 8. Nbd2 Qc7 {[#]} 9. Re1 $146 ({Predecessor:} 9. c4 O-O 10. Bxf6 gxf6 11. cxd5 exd5 12. e4 Bg4 13. Bxc6 Qxc6 14. h3 Bh5 15. Rc1 {½-½ (46) Ahonen,M (2113)-Dorn,M (2168) ICCF email 2016}) 9... O-O-O {The position is equal.} 10. c4 Ne5 (10... Nb4 $11 {remains equal.}) 11. Nxe5 (11. Bxe5 $142 Bxe5 12. Bxd7+ (12. Nxe5 Qxe5 13. d4 cxd4 $14) 12... Rxd7 13. d4 (13. Nxe5 Qxe5 14. d4 cxd4 $14)) 11... Bxe5 $16 12. Bxe5 Qxe5 13. Nf3 Qh5 ({Black should try} 13... Qd6 $14) 14. Rc1 Kb8 15. b4 dxc4 16. Bxd7 Rxd7 17. Rxc4 Rc8 18. Qc2 {[%cal Rb4c5]} Rdc7 19. Rc1 {[%cal Rb4c5]} Nd7 20. d4 {[%cal Rb4c5]} b5 21. Rxc5 Nxc5 22. bxc5 Ka8 23. Ne5 {[%cal Bf3e5,Be5d3,Bd3b4,Bb4d5][%mdl 32]} f6 24. Nd3 $1 e5 {[#]} (24... g5 $142) 25. Nb4 $1 {And now Qe4+ would win.} exd4 26. Qe4+ {[%mdl 64] Double Attack} ({Much less strong is} 26. exd4 $6 Re7 $14) 26... Rb7 27. exd4 {aiming for c6.} a5 {[#]} 28. Nd5 $1 {[%cal Rd5b6][%mdl 1024] Black must now prevent Nb6+. White has strong compensation.} Ka7 {Threatening ...Re8.} 29. Re1 {c6! is the strong threat.} Rd8 $2 {[%mdl 8192] Loses the game.} (29... Qf7 $16) 30. Nf4 Qg4 {...g5 would now be nice for Black.} 31. h3 Qc8 32. Ne6 (32. c6 $142) 32... Re8 $2 (32... Re7 {was worth a try.} 33. d5 Qxc5) 33. d5 $18 Rbe7 34. Qxh7 Qd7 $2 (34... Rxe6 {might work better.} 35. dxe6 Rxe6 36. Qxg7+ Ka6 37. Rxe6+ Qxe6) 35. Qf5 a4 36. Qe4 Ka6 (36... Rd8 $142) 37. f4 Qc8 (37... Rd8 $142 38. d6 Rxe6 39. Qxe6 Qxe6 40. Rxe6 Kb7 41. Re7+ Kc6 42. Rc7+ (42. Rxg7 Rd7 $16) 42... Kd5) 38. f5 Ka7 (38... Rxe6 $142 39. fxe6 Qxc5+ 40. Kh1 Re7) 39. Qd4 {Accuracy: White = 58%, Black = 35%.} 1-0

[Event "40th Plunge Open-A 2020"]
[Site "Plunge"]
[Date "2020.07.15"]
[Round "4.9"]
[White "Simkunaite, Gabija"]
[Black "Boyajyan, David"]
[Result "1-0"]
[WhiteElo "1871"]
[BlackElo "1949"]
[Annotator "TA"]
[PlyCount "55"]
[EventDate "2020.07.13"]
[EventType "swiss"]
[EventCountry "LTU"]
[SourceTitle "playchess.com"]
[Source "ChessBase"]
[SourceQuality "1"]

{[%evp 10,55,6,2,64,10,77,72,67,25,36,44,155,170,310,301,366,329,594,576,575,320,327,237,227,97,91,104,238,185,219,239,396,258,1065,1063,1055,1050,1007,1005,1046,1045,1915,1806,2422,2320,29993,29994]} 1. e4 e6 2. d4 d5 3. Nc3 Bb4 4. e5 c5 5. a3 Bxc3+ 6. bxc3 f6 {C18: French: 3 Nc3 Bb4: Main line: 7 h4 and 7 Qg4.} (6... Ne7 $11) 7. Nf3 ({White should play} 7. Bb5+ $14 Bd7 8. Qg4 fxe5 9. Rb1 (9. Qxg7 Qf6 $11)) 7... Nc6 (7... Qa5 $11 {remains equal.}) 8. Bb5 $16 Bd7 {White is better.} 9. Qe2 {[#]} Qc7 $146 ({Predecessor:} 9... cxd4 10. cxd4 a6 11. Bxc6 Bxc6 12. exf6 Nxf6 13. Qxe6+ Qe7 {½-½ (13) Catala Alos,J-Perez Torres,J Burjasot 1996}) 10. Bf4 {Hoping for exf6.} g5 (10... f5 $14) 11. Bg3 $36 {[%mdl 2048] White has strong initiative.} Qa5 (11... Nd8 {was called for.} 12. exf6 Bxb5) 12. O-O $18 g4 13. Nh4 Qxc3 $2 (13... Qd8 14. exf6 Nxf6) 14. Bxc6 bxc6 15. exf6 Nxf6 16. Be5 O-O {[#]} 17. dxc5 (17. Rab1 $1 $18 {is more deadly.}) 17... Qxc5 $16 18. Rab1 Bc8 {Black cannot hold the game after this.} (18... Qxa3 $16 {is a better defense.} 19. Rb7 Qe7) 19. Rb3 a5 {Threatening ...Ba6.} 20. Rg3 Ba6 $2 (20... h5) 21. Qd2 {Black must now prevent Qg5+.} ({Less strong is} 21. Rxg4+ Kf7 $16) 21... Bxf1 $2 (21... Qe7) 22. Qg5+ $18 {[%mdl 64] Double Attack} Kf7 23. Qxf6+ (23. Rc3 $2 {[#]} Qxf2+ $1 {[%mdl 512]} 24. Kxf2 Ne4+ 25. Kxf1 Nxg5 $19) 23... Ke8 24. Qxe6+ {[%mdl 64] Double Attack} Kd8 25. Nf5 {Bd4 is the strong threat.} ({Avoid the trap} 25. Bd6 $2 Qxf2+ 26. Kh1 Re8 $19) 25... Rxf5 26. Qxf5 {[%mdl 64] Double Attack} Be2 27. Re3 {White wants to mate with Qf7.} Bb5 28. Qf7 {Accuracy: White = 52%, Black = 18%.} 1-0

[Event "40th Plunge Open-A 2020"]
[Site "Plunge"]
[Date "2020.07.15"]
[Round "4.10"]
[White "Zilinskas, Vaidotas"]
[Black "Baumilas, Silvestras"]
[Result "1-0"]
[WhiteElo "1976"]
[BlackElo "1474"]
[Annotator "TA"]
[PlyCount "94"]
[EventDate "2020.07.13"]
[EventType "swiss"]
[EventCountry "LTU"]
[SourceTitle "playchess.com"]
[Source "ChessBase"]
[SourceQuality "1"]

{[%evp 9,94,66,120,81,97,56,100,101,140,135,135,112,119,116,120,83,74,75,83,48,60,49,58,43,33,39,42,40,35,36,67,55,69,64,153,96,123,112,113,89,109,105,121,89,209,193,214,212,271,278,348,330,333,337,316,285,374,321,441,431,566,553,551,554,556,564,561,546,518,327,552,512,497,512,509,481,622,605,782,767,1135,791,977,944,29998,29999,29999]} 1. e4 c5 2. d4 e6 3. Nf3 Nf6 4. e5 Nd5 5. c4 Nc7 (5... Ne7 $14) 6. Nc3 {B29: Sicilian: 2 Nf3 Nf6 (Nimzowitsch Variation).} cxd4 7. Nxd4 a6 {[#]} 8. Bf4 $146 {White is better.} ({Predecessor:} 8. Bd3 Bb4 9. Bd2 Bxc3 10. Bxc3 d5 11. O-O O-O 12. Qh5 h6 13. Rfe1 Qg5 14. Qf3 {1-0 (32) Paraschiv,A (1073)-Matei Catruna,A (1002) Calimanesti 2018}) 8... Nc6 9. Nxc6 bxc6 10. Be2 Be7 11. O-O O-O 12. Ne4 Ne8 13. Qd3 f5 14. exf6 Nxf6 15. Nd6 Ne8 16. Bg3 (16. Nxe8 {is more complex.} Qxe8 17. Be5 a5 18. Rad1 d5 19. f4) 16... Nxd6 17. Bxd6 a5 18. b3 Rf7 19. Rad1 {[%cal Ba1d1,Bd1d2,Bd2d6][%mdl 32]} Qf8 20. Qg3 Ba6 21. Rd2 Re8 {Black is on the road to losing.} (21... Bxd6 $14 22. Rxd6 g6) 22. Rfd1 (22. Be5 $142) 22... Bxd6 23. Rxd6 Bc8 24. Bf3 Rf6 25. Be4 Qf7 26. Qd3 g6 (26... Qh5 $16) 27. f3 $18 Qg7 28. Qd2 Ref8 29. Qxa5 Qh6 {[#] And now ...Qe3+ would win.} 30. Qc5 Qg7 31. Qd4 g5 32. a4 h5 33. g3 R8f7 34. a5 Qh6 {[#]} 35. a6 $1 {[%mdl 576] Deflection} Bxa6 {If Black can now play ...Bc8 this consolidates a bit.} 36. Rxd7 Bc8 37. Rd8+ Rf8 38. Qe5 R6f7 39. Qb8 Ba6 $2 (39... Bd7 40. b4 g4) 40. Qb6 Bc8 41. Rxf8+ Rxf8 42. Qxc6 h4 43. g4 Qf6 44. Qc7 {[%csl Ge4][%cal Rc7h7]} Qh8 45. Qe7 Qh6 46. Rd8 Ba6 47. Rxf8+ Qxf8 {Accuracy: White = 74%, Black = 45%.} 1-0

[Event "40th Plunge Open-A 2020"]
[Site "Plunge"]
[Date "2020.07.16"]
[Round "5.1"]
[White "Sakalauskas, Vaidas"]
[Black "Pultinevicius, Paulius"]
[Result "0-1"]
[WhiteElo "2335"]
[BlackElo "2512"]
[Annotator "TA"]
[PlyCount "88"]
[EventDate "2020.07.13"]
[EventType "swiss"]
[EventCountry "LTU"]
[SourceTitle "playchess.com"]
[Source "ChessBase"]
[SourceQuality "1"]

{[%evp 27,88,32,12,0,0,0,22,20,100,70,70,70,70,70,80,86,71,-5,-8,-18,-17,-16,-4,-6,-6,-21,-5,-48,-47,-53,-50,-52,-41,-43,-46,-129,-132,-122,-131,-109,-130,-159,-115,-795,-72,-73,-90,-433,-444,-422,-412,-412,-432,-375,-346,-267,-274,-5057,-1532,-29973,-29976,-29976,-29976]} 1. d4 Nf6 2. c4 g6 3. Nc3 d5 4. Nf3 Bg7 5. cxd5 Nxd5 6. e4 Nxc3 7. bxc3 c5 8. Bb5+ Bd7 9. Be2 Bg4 10. Rb1 {[%cal Ba1b1,Bb1b7,Bb7b5][%mdl 32]} cxd4 11. cxd4 Bxf3 12. Bxf3 Bxd4 13. Rxb7 O-O 14. O-O Nc6 15. Bh6 {D85: Exchange Grünfeld: Unusual White 7th moves and lines with 7 Nf3.} Qc8 16. Qb3 {[#]} Na5 $146 {[%mdl 64] [#] Double Attack} ({Predecessor:} 16... Bb6 17. Rxb6 axb6 18. Rc1 Qd7 19. Bxf8 Kxf8 20. Qb5 Rxa2 21. h3 Qd4 22. Qxc6 Qxf2+ 23. Kh1 Ra3 {1-0 (47) Brilla Banfalvi,S-Hollis,A Norway 1983}) 17. Qa4 {The position is equal.} Rd8 (17... Bxf2+ $11 18. Rxf2 Nxb7) 18. Rb5 Nb7 $1 19. Rc1 Qd7 $1 20. Qa6 Rab8 $1 21. Rd5 Qe8 22. Bf4 ({White should try} 22. e5 $16) 22... Rxd5 $11 23. Bxb8 Rc5 24. Bf4 Rxc1+ 25. Bxc1 Qc8 26. Bh6 Qc3 $40 {[%mdl 128] Black has some attack.} 27. Qe2 Nc5 28. h4 {Qb5 is the strong threat.} Nd3 {White must now prevent ...Qa1+.} 29. Be3 e5 30. Kh2 h5 31. g4 (31. Qd2 $15) 31... hxg4 $17 32. Bxg4 {[#]} Bxe3 $1 {[%mdl 64] Overworked Piece} 33. Qxe3 {Hoping for Be2.} Qc2 34. Kg3 Nf4 35. Qxa7 $2 {[%mdl 8192]} (35. a3 $17) 35... Qxe4 $2 (35... Qd3+ $19 36. Bf3 Qf1 37. Qb8+ Kh7 38. Qxe5 Qh3+ 39. Kxf4 Qh2+ {[%mdl 64] Double Attack} 40. Ke3 Qxe5) 36. Bf3 Qf5 {[%csl Gf4][%cal Rf5h3]} 37. Bg4 $2 {[%mdl 8192]} (37. Qa8+ $17 Kh7 38. Kh2) 37... Qb1 $19 38. Qa8+ Kg7 {( -> ...Qg1+)} 39. Kh2 Qf1 40. Qf3 f5 41. Bh3 Nxh3 {[%mdl 64] Overworked Piece} 42. Qxh3 $2 (42. Qb7+ Kh6 43. Qa8 Qxf2+ 44. Kxh3 Qe3+ 45. Kh2) 42... Qxf2+ {[%mdl 64] Double Attack} 43. Qg2 Qxg2+ 44. Kxg2 Kf6 {Accuracy: White = 41%, Black = 84%.} 0-1

[Event "40th Plunge Open-A 2020"]
[Site "Plunge"]
[Date "2020.07.16"]
[Round "5.2"]
[White "Vardanyan, Aras"]
[Black "Butvilas, Aistis"]
[Result "1-0"]
[WhiteElo "2178"]
[BlackElo "2103"]
[Annotator "TA"]
[PlyCount "171"]
[EventDate "2020.07.13"]
[EventType "swiss"]
[EventCountry "LTU"]
[SourceTitle "playchess.com"]
[Source "ChessBase"]
[SourceQuality "1"]

{[%evp 9,171,16,42,31,25,18,38,35,29,21,22,21,31,20,27,23,26,12,32,27,21,20,46,28,27,32,35,0,29,23,70,39,99,99,99,91,85,106,106,102,106,104,110,107,106,93,140,147,138,114,132,125,151,148,145,145,143,110,109,108,193,21,24,22,210,229,260,179,159,151,160,38,33,0,0,-191,39,32,25,25,39,31,47,40,34,0,36,37,43,0,30,33,56,59,51,47,48,46,60,58,67,71,71,65,67,67,70,8,25,20,219,131,139,139,139,121,29975,29976,29978,29979,29978,29977,29977,29966,29976,29976,29969,29970,29978,29978,29981,29982,29983,29981,29981,0,29983,29984,29984,29983,29983,29984,29983,29981,29976,8,3589,0,0,0,0,0,0,0,0,0,8,8,29987,29988,29996,29997,29997,29987]} 1. c4 e5 2. Nc3 Bb4 3. Nd5 Bc5 4. Nf3 c6 5. Nc3 Qe7 6. d4 {A21: English Opening: 1...e5 2 Nc3.} exd4 7. Nxd4 d6 8. e3 {White is slightly better.} Nf6 9. Be2 O-O 10. O-O Nbd7 11. b3 Ne5 12. Qc2 Re8 13. h3 Bd7 {[#]} 14. Rd1 $146 ({Predecessor:} 14. Bb2 a6 15. Rfd1 b5 16. Nf3 Nxf3+ 17. Bxf3 Rab8 18. Rab1 bxc4 19. bxc4 g6 20. Ba1 {1-0 (26) Varend,E (1796)-Somogyi,G (1607) LSS email 2011}) 14... Rad8 15. Bb2 Bc8 16. a3 {[%cal Ba2a3,Ba3a4,Ba4a5][%mdl 32]} Bb6 17. Nf5 Qe6 18. Nd4 Qe7 19. a4 d5 20. a5 Bc7 (20... Bxd4 $14 21. Rxd4 (21. exd4 Ng6 $11) 21... dxc4) 21. cxd5 $16 Nxd5 22. Nxd5 Rxd5 23. a6 bxa6 24. Nxc6 Rxd1+ 25. Rxd1 ({Reject} 25. Bxd1 $6 Nxc6 26. Qxc6 Bb7 $11) 25... Nxc6 26. Qxc6 Bb6 27. Bc4 {Hoping for Ba3!} Rd8 28. Rxd8+ Qxd8 29. Bd5 Bd7 30. Qd6 $40 {[%mdl 128] White attacks with force.} Bb5 31. Qe5 {[%csl Gb2][%cal Re5g7]} Qf8 32. Be4 {Black must now prevent Qf5.} Bd7 33. Qh5 {[%csl Ge4][%cal Rh5h7]} h6 34. Bd3 Be6 (34... Bc7 $16 {was necessary.}) 35. Bc2 $2 (35. Bxa6 $6 Qc5 $16) (35. Qe5 $18) 35... Qd6 $11 36. Qh4 Qc6 $2 {[#]} (36... f6 $11) 37. Qg3 $1 $18 {[%csl Gb2][%cal Rg3g7][%mdl 512]} g6 38. Qe5 {[%csl Gb2][%cal Re5h8]} Kf8 39. Be4 $1 {[%cal Re4c6]} Qc5 {White should prevent ...Qxe5.} 40. Qg7+ (40. Qf6 $1 $16) 40... Ke8 $14 41. Qh8+ ({Much less strong is} 41. Qxh6 $6 Kd7 $16) 41... Kd7 42. Qg7 $2 (42. Bf3 $11 {and White is okay.}) 42... Ke8 $2 ({Black should try} 42... Qb4 $19 43. Bd3 Qe1+ 44. Bf1 Bxb3) 43. b4 {[%mdl 64] Deflection} Qxb4 44. Bc6+ Kd8 45. Be5 {[%mdl 1024] Intending Qh8+ and mate. White has compensation.} Bc5 46. Qh8+ Bf8 47. Kh2 Qc5 48. Ba4 {Threatens to win with Bg7.} Qb4 49. g3 Qxa4 50. Qxf8+ Kd7 51. Qd6+ Ke8 52. Bf6 {[%csl Gf6][%cal Rd6e7]} Qd7 53. Qb8+ Qc8 54. Qxa7 {[%csl Gf6][%cal Ra7e7]} Kf8 55. Qe7+ Kg8 56. Bb2 Kh7 57. Qf6 {[%csl Gb2][%cal Rf6g7]} Qf8 58. f4 (58. Qe5 $14) 58... a5 $11 59. g4 Qg8 $2 (59... Bb3 $11) 60. Kg3 (60. e4 $18) 60... a4 61. e4 Bb3 62. h4 Bc4 $2 {[%mdl 8192] [#]} (62... Bc2 $16) 63. h5 $1 {[%mdl 512]} Bb3 (63... gxh5 64. g5) 64. Kf2 Bc4 65. Ke3 Bb3 66. Kd3 Ba2 67. Bc3 Bb3 68. Bd4 Ba2 69. Kc2 Bb3+ 70. Kb2 Bc4 71. Be5 Bb3 72. Bd4 Bc4 $1 73. g5 hxg5 74. hxg6+ fxg6 75. fxg5 Ba2 76. Kc1 Bb3 77. Qe5 $2 (77. Kd2 {mates} Be6 78. Ke1 Bb3 79. Qd6 Qg7 80. Bxg7 Kxg7 81. e5 Kf7 82. Qf6+ Kg8 83. e6) 77... Qc4+ $2 {[%mdl 8192] [#]} (77... Qc8+ $11 78. Kb2 Qf8) 78. Bc3 $2 ({Only move:} 78. Kb2 $1 $18 {[%csl Gd4][%cal Re5h8]} a3+ {[%mdl 64] Decoy} 79. Kxa3 Qa4+ 80. Kb2 Qa2+ 81. Kc3 Qc2+ 82. Kb4 Qc4+ 83. Ka5 Qa4+ 84. Kb6 Qb4+ 85. Kc7 Qc4+ 86. Kd6 Qb4+ 87. Kd7 Ba4+ 88. Kc7 Qc4+ 89. Kb6 Qb4+ 90. Ka6 (90. Ka7 Qf8 $16)) 78... Qf1+ 79. Kb2 {[%csl Gc3][%cal Re5h8]} Qf2+ 80. Ka3 {[%csl Gc3][%cal Re5h8]} Qf8+ 81. Bb4 Qf3 82. Qc7+ Kg8 83. Qc8+ Kh7 $2 {[%mdl 8192] [#]} (83... Kg7 $11) 84. Bc3 $1 {[%csl Gc3][%cal Rc8h8] White mates.} Bg8 85. Qc7+ Bf7 86. Qe5 {Accuracy: White = 75%, Black = 66%.} 1-0

[Event "40th Plunge Open-A 2020"]
[Site "Plunge"]
[Date "2020.07.16"]
[Round "5.3"]
[White "Juksta, Karolis"]
[Black "Laurusas, Tomas"]
[Result "1-0"]
[WhiteElo "2366"]
[BlackElo "2511"]
[Annotator "TA"]
[PlyCount "71"]
[EventDate "2020.07.13"]
[EventType "swiss"]
[EventCountry "LTU"]
[SourceTitle "playchess.com"]
[Source "ChessBase"]
[SourceQuality "1"]

{[%evp 27,71,8,26,23,43,26,44,26,41,29,29,23,61,67,64,38,36,34,43,58,86,68,77,16,67,4,2,8,150,152,141,137,137,142,143,162,141,138,157,156,322,256,809,785,29975,29975]} 1. d4 Nf6 2. c4 e6 3. Nc3 Bb4 4. f3 d5 5. a3 Bxc3+ 6. bxc3 O-O 7. cxd5 exd5 8. e3 b6 9. Bd3 Re8 10. Ne2 c5 11. O-O Ba6 12. Ng3 Bxd3 13. Qxd3 Nc6 14. Bb2 c4 15. Qd2 {E49: Nimzo-Indian: Rubinstein: 5 Bd3 d5 6 a3 Bxc3+ 7 bxc3.} h5 16. Rae1 h4 17. Nh1 {White is slightly better. 17.Nf5 is vanishing.} b5 18. Nf2 a5 19. e4 Rb8 {[#]} 20. e5 $146 ({Predecessor:} 20. Qf4 b4 21. axb4 axb4 22. Qxh4 bxc3 23. Bxc3 Rb3 24. Bd2 Nh7 25. exd5 Ne7 26. Ba5 {½-½ (51) Narciso Dublan,M (2489)-Peralta,F (2562) Escaldes 2019}) 20... Nh7 21. Ng4 b4 22. axb4 axb4 23. f4 f6 24. Qc2 {Hoping for Qg6.} Rf8 25. Ne3 ({White should try} 25. Qf5 $16 {Qe6+ is the strong threat.} bxc3 26. Bxc3) 25... fxe5 (25... bxc3 $11 26. Bxc3 Qd7) 26. fxe5 (26. dxe5 $14 bxc3 27. Ba3 (27. Bxc3 d4 $11) (27. Qxc3 Rb3 $11)) 26... bxc3 $11 27. Bxc3 {Threatening Qg6.} Rb3 (27... Ne7 $11) 28. Qg6 $16 Ne7 29. Qe6+ Kh8 {[#]} 30. Ba5 $1 {[%mdl 512]} Qe8 (30... Qxa5 31. Qxe7) 31. Nxd5 Nxd5 32. Rxf8+ ({Don't do} 32. Qxd5 $6 Rb5 $14) 32... Qxf8 33. Qxd5 {Threatens to win with e6.} Qc8 $2 (33... h3 $16 34. Rf1 (34. Qxc4 Rb2 $14) 34... Qc8) 34. e6 Rb8 $2 (34... Nf6 35. Qg5 h3) 35. e7 $18 {Threatening mate with Bd8.} Nf6 {[#]} 36. Bd8 $1 {[%mdl 512] Accuracy: White = 83%, Black = 45%.} 1-0